LEADER 00846nam0-22003131i-450- 001 990000039080403321 035 $a000003908 035 $aFED01000003908 035 $a(Aleph)000003908FED01 035 $a000003908 100 $a20011111d--------km-y0itay50------ba 101 0 $aita 105 $ay-------001yy 200 1 $a<>trasformateurs$fP. Bunet. 210 $aParis$cLibrairie J. B. Bailliere et fils$d1923 215 $a632 p.$cill.$d23 cm 225 1 $aEncyclopédie industrielle 610 0 $aMacchine a corrente alternata 610 0 $aTrasformatori 676 $a621.314 700 1$aBunet,$bP.$02920 801 0$aIT$bUNINA$gRICA$2UNIMARC 901 $aBK 912 $a990000039080403321 952 $a13 L 11 21$b5234$fFINBC 959 $aFINBC 996 $aTrasformateurs$9106307 997 $aUNINA DB $aING01 LEADER 00884nam0-22002771i-450 001 990004683190403321 005 20180313110316.0 035 $a000468319 100 $a19990604g19739999km-y0itay50------ba 101 0 $aeng 105 $ay-------001yy 200 1 $aAccent and rhythm$eprosodic features of latin and greek$ea study in theory and reconstruction$fW. Sidney Allen 210 $aCambridge$cCambridge University Press$d1973 215 $aXIV, 394 p.$d24 cm 225 1 $aCambridge studies in linguistics$v12 610 0 $aLingua greca$aMetrica 610 $aLingua latina$aMetrica 676 $a486$v22$zita 700 1$aAllen,$bW. Sidney$0185611 801 0$aIT$bUNINA$gRICA$2UNIMARC 901 $aBK 912 $a990004683190403321 952 $aP2B 230 ALLEN W.S. 1973$bIst.Fil.Cl.1306$fFLFBC 959 $aFLFBC 996 $aAccent and rhythm$91506462 997 $aUNINA